Statistiques concernant US Open : Palmarès Hommes

Cliquez ici pour prendre le quiz!

Statistiques générales

  • Ce quiz a été pris 262 fois
    (139 depuis la dernière actualisation)
  • Le résultat moyen est 40 sur 52

Statistiques - réponses

AnnéeHommes% Correct
2019Rafael Nadal
99%
2013Rafael Nadal
99%
2010Rafael Nadal
99%
2017Rafael Nadal
99%
2008Roger Federer
99%
2007Roger Federer
99%
2006Roger Federer
99%
2005Roger Federer
99%
2004Roger Federer
99%
2015Novak Djokovic
98%
2018Novak Djokovic
98%
2011Novak Djokovic
98%
1999Andre Agassi
91%
1994Andre Agassi
91%
2012Andy Murray
91%
1990Pete Sampras
90%
1995Pete Sampras
90%
1996Pete Sampras
90%
1993Pete Sampras
90%
2002Pete Sampras
90%
2016Stanislas Wawrinka
86%
1987Ivan Lendl
81%
1985Ivan Lendl
81%
1986Ivan Lendl
81%
1984John McEnroe
80%
1979John McEnroe
80%
1980John McEnroe
80%
1981John McEnroe
80%
2009Juan Martin Del Potro
78%
1982Jimmy Connors
77%
1983Jimmy Connors
77%
1978Jimmy Connors
77%
1976Jimmy Connors
77%
1974Jimmy Connors
77%
2014Marin Cilic
77%
1989Boris Becker
69%
2003Andy Roddick
68%
1991Stefan Edberg
68%
1992Stefan Edberg
68%
2001Lleyton Hewitt
66%
1969Rod Laver
63%
1988Mats Wilander
61%
2000Marat Safin
55%
1968Arthur Ashe
53%
1972Ilie Nastase
46%
1973John Newcombe
46%
1970Ken Rosewall
40%
1977Guillermo Vilas
37%
1997Patrick Rafter
37%
1998Patrick Rafter
37%
1971Stan Smith
33%
1975Manuel Orantes
20%

Distribution des résultats

Percentile par nombre de réponses

% des personnes avec chaque résultat

Votre développement - résultats

Vous n’avez pas pris ce quiz depuis la dernière actualisation